000 00405nam a2200169Ia 4500
001 23107
005 20260414150915.0
008 260414t2018||||xx |||||||||||||| ||spa||
041 _aESP
082 _a624.1834
_bP78
245 0 _aDesign and control of concrete mixtures
_b
260 _c2018
300 _aVarias paginaciones :
_c24 cm.
650 _a0
654 _aCIC
942 _cLIB
_dJUS
_fJUS
_2ddc
_n
999 _c23107
_d23107